000
00357nam a2200121Ia 4500
008
151001s9999||||xx |||||||||||||| ||und||
100
_a
नंदकुमार टेणी
245
_a
शिवसेनाप्रमुख
250
_a
1
260
_b
आविस्कार पब्लिशर्स
300
_a
216
365
_b
22
999
_c
980004
_d
980001